[Event "9. Open Club Ajedrez Ciudad los Angeles"]
[Site "Madrid ESP"]
[Date "2015.05.24"]
[Round "7.9"]
[White "Gines Martinez, Andres"]
[Black "Ruiz Castro, Manuel"]
[Result "0-1"]
[WhiteElo "1589"]
[BlackElo "1729"]
[PlyCount "106"]
[EventDate "2015.03.29"]
[EventType "swiss"]
[EventRounds "9"]
[EventCountry "ESP"]
[Source "lmi"]
[SourceDate "2015.03.29"]

1. Nf3 c5 2. e4 d6 3. d3 Nc6 4. g3 g6 5. Bg2 Bg7 6. O-O Nf6 7. Re1 Bg4 8. Nbd2
Qc8 9. Nf1 Ne5 10. Ne3 Nxf3+ 11. Bxf3 Bxf3 12. Qxf3 O-O 13. Bd2 b5 14. a3 Qb7
15. Bc3 b4 16. Bxf6 Bxf6 17. Rab1 a5 18. Nd5 Kg7 19. h4 h5 20. axb4 axb4 21.
Nxf6 exf6 22. Qf4 Qd7 23. Qd2 Ra2 24. d4 Qb5 25. d5 Rfa8 26. Qf4 Qd7 27. Qe3
Qc7 28. f4 Qd7 29. Qf3 c4 30. f5 Qe7 31. g4 hxg4 32. Qxg4 Qe5 33. fxg6 fxg6 34.
h5 g5 35. Qd7+ Kf8 36. h6 Qe7 37. Qxe7+ Kxe7 38. Kf2 c3 39. Kf3 cxb2 40. Kg4
Kf7 41. Kf5 Re8 42. Re3 Re5+ 43. Kg4 Kg6 44. Re2 Kxh6 45. Kf3 f5 46. exf5 Rxf5+
47. Kg2 Kg6 48. Rd2 Re5 49. Kf2 Re4 50. Kf3 Rc4 51. Re2 Kf5 52. Kf2 Rf4+ 53.
Ke1 Ra1 0-1

[Event "9. Open Club Ajedrez Ciudad los Angeles"]
[Site "Madrid ESP"]
[Date "2015.05.24"]
[Round "7.11"]
[White "Ballesteros Jimenez, Miguel A"]
[Black "Bellod Thomas, Gonzalo"]
[Result "0-1"]
[WhiteElo "1592"]
[BlackElo "1709"]
[PlyCount "40"]
[EventDate "2015.03.29"]
[EventType "swiss"]
[EventRounds "9"]
[EventCountry "ESP"]
[Source "lmi"]
[SourceDate "2015.03.29"]

1. e4 c6 2. d3 d5 3. Nd2 dxe4 4. dxe4 e5 5. Ngf3 Bg4 6. g3 Nf6 7. Bg2 Be7 8.
O-O O-O 9. Qe2 Nbd7 10. Rd1 Qc7 11. Nf1 Nc5 12. N1d2 Ne6 13. Qc4 Rad8 14. Re1
Nd4 15. Nxd4 Rxd4 16. Qb3 Rfd8 17. Qe3 Bc5 18. Nb3 Rxe4 19. Qc3 Rxe1+ 20. Qxe1
Rd1 0-1

[Event "9. Open Club Ajedrez Ciudad los Angeles"]
[Site "Madrid ESP"]
[Date "2015.05.24"]
[Round "7.13"]
[White "Garcia Chica, Eva Maria"]
[Black "Melcon Diez, Enrique"]
[Result "0-1"]
[WhiteElo "1398"]
[BlackElo "1597"]
[PlyCount "74"]
[EventDate "2015.03.29"]
[EventType "swiss"]
[EventRounds "9"]
[EventCountry "ESP"]
[Source "lmi"]
[SourceDate "2015.03.29"]

1. e4 c5 2. Nf3 g6 3. d4 cxd4 4. Nxd4 Bg7 5. c4 b6 6. Nc3 Bb7 7. Be3 Nf6 8. Bd3
O-O 9. O-O Nc6 10. Nxc6 Bxc6 11. f3 Qc7 12. Qd2 Rac8 13. Bh6 Nh5 14. Bxg7 Kxg7
15. Rfe1 Nf4 16. Nd5 Bxd5 17. exd5 Qc5+ 18. Kf1 Nxd3 19. Qxd3 Qxc4 20. Qxc4
Rxc4 21. Rxe7 Rd8 22. Rd1 Rc2 23. Re2 Rdc8 24. Rde1 Rxe2 25. Rxe2 Rc1+ 26. Re1
Rxe1+ 27. Kxe1 Kf6 28. f4 Kf5 29. g3 Ke4 30. d6 Kd5 31. Kd2 Kxd6 32. b4 b5 33.
Ke3 Kd5 34. Kd3 f5 35. a3 a6 36. h3 h5 37. h4 d6 0-1

[Event "9. Open Club Ajedrez Ciudad los Angeles"]
[Site "Madrid ESP"]
[Date "2015.05.24"]
[Round "7.14"]
[White "Gutierrez Soto, Sergio"]
[Black "Canseco Arenas, Alfonso"]
[Result "1-0"]
[WhiteElo "1546"]
[BlackElo "1752"]
[PlyCount "91"]
[EventDate "2015.03.29"]
[EventType "swiss"]
[EventRounds "9"]
[EventCountry "ESP"]
[Source "lmi"]
[SourceDate "2015.03.29"]

1. c4 c5 2. g3 Nc6 3. Bg2 g6 4. Nf3 Bg7 5. O-O e5 6. d3 Nge7 7. Nc3 O-O 8. Rb1
d6 9. Bg5 h6 10. Bd2 Kh7 11. a3 a5 12. Re1 f5 13. Nb5 Be6 14. Bc3 d5 15. cxd5
Nxd5 16. Bd2 Rf7 17. Nc3 Nf6 18. Na4 Bf8 19. Rc1 Nd7 20. Be3 Nd4 21. Bxd4 cxd4
22. b4 axb4 23. axb4 Bxb4 24. Rf1 Bd6 25. Ra1 Rb8 26. Nd2 b5 27. Nb2 Nf6 28. e3
dxe3 29. fxe3 Bb4 30. Nf3 Bc3 31. Rf2 Nd5 32. Re2 Bxb2 33. Rxb2 Nxe3 34. Qe2
Nxg2 35. Kxg2 e4 36. dxe4 fxe4 37. Ne5 Rc7 38. Nxg6 Kxg6 39. Qxe4+ Bf5 40. Ra6+
Kg7 41. Qe5+ Kg8 42. Qxf5 Rf7 43. Rg6+ Kf8 44. Qe5 Rb6 45. Qh8+ Ke7 46. Re2+
1-0

[Event "9. Open Club Ajedrez Ciudad los Angeles"]
[Site "Madrid ESP"]
[Date "2015.05.24"]
[Round "7.15"]
[White "Caño Nieto, Jose Luis"]
[Black "Andradas Encabo, Victor"]
[Result "0-1"]
[WhiteElo "1545"]
[BlackElo "1642"]
[PlyCount "116"]
[EventDate "2015.03.29"]
[EventType "swiss"]
[EventRounds "9"]
[EventCountry "ESP"]
[Source "lmi"]
[SourceDate "2015.03.29"]

1. d4 d5 2. Nf3 e6 3. Bf4 Nf6 4. e3 a6 5. Be2 Nbd7 6. O-O h6 7. Nbd2 Nh5 8. Ne5
Nxf4 9. exf4 c5 10. c3 Bd6 11. Ndf3 Qf6 12. Qd2 b5 13. Nxd7 Bxd7 14. Ne5 Rc8
15. Qe3 Qe7 16. Qg3 O-O 17. Rfe1 Be8 18. Ng4 Kh8 19. Ne5 f6 20. Nd3 c4 21. Nb4
Bxb4 22. cxb4 Qxb4 23. Qe3 Qd6 24. Rac1 Bg6 25. Qg3 Bf5 26. Bg4 Bxg4 27. Qxg4
f5 28. Qg3 Kh7 29. h4 Rf6 30. h5 g5 31. Re5 gxf4 32. Qxf4 Rg8 33. Rce1 Kg7 34.
R1e3 Kf7 35. Rg3 Rxg3 36. Qxg3 Qb4 37. Re2 Qe7 38. Qb8 f4 39. Qh8 Qf8 40. Qh7+
Qg7 41. Qxg7+ Kxg7 42. Re5 Kf7 43. Kf1 Rf5 44. Rxf5+ exf5 45. Ke2 Kf6 46. Kf3
Kg5 47. a3 a5 48. g3 fxg3 49. fxg3 b4 50. axb4 axb4 51. Ke3 Kg4 52. Kf2 c3 53.
bxc3 bxc3 54. Ke2 c2 55. Kd2 c1=R 56. Kxc1 Kxg3 57. Kd2 f4 58. Ke1 Kg2 0-1